| 000 | 00445nam a2200145 a 4500 | ||
|---|---|---|---|
| 001 | 1548 | ||
| 003 | CDMR | ||
| 005 | 20130319173215.0 | ||
| 008 | 130130s1961||||||||||||||||||||||||||||d | ||
| 040 |
_aCDMR _bcat _cCDMR |
||
| 100 | 1 |
_aAbadal, Ramón d' _91161 |
|
| 245 | 1 | 0 |
_aHistòria dels catalans _bVolum II. La pre-Catalunya (segles VIII, IX i XI). Baixa Edat Mitjana (segles XII, XIII, XIV i XV) |
| 260 |
_aBarcelona _c1961 _bAriel |
||
| 942 |
_cMON _2udc |
||
| 999 |
_c1548 _d1548 |
||